Loading...
| Pop Culture | 0 | 5 | 1 | 1 | 45 | 21 | 33.20 | 0 | 3 |
| Social Science | 0 | 4 | 1 | 0 | 35 | 28 | 60.50 | 1 | 3 |
| Literature - World Literature | 0 | 3 | 0 | 0 | 30 | 84 | 85.33 | 0 | 1 |
| Philosophy | 0 | 3 | 1 | 1 | 25 | 51 | 82.33 | 0 | 0 |
| Fine Arts - Other Fine Arts | 0 | 3 | 1 | 0 | 25 | 28 | 53.67 | 1 | 2 |
| Science - Other Science | 0 | 2 | 0 | 0 | 20 | 66 | 72.00 | 0 | 1 |
| Science - Biology | 0 | 2 | 0 | 0 | 20 | 84 | 86.50 | 0 | 0 |
| History - American History | 0 | 2 | 0 | 2 | 20 | 100 | 102.50 | 0 | 0 |
| Fine Arts - Classical Music | 0 | 2 | 0 | 0 | 20 | 87 | 87.00 | 0 | 0 |
| Current Events | 0 | 2 | 1 | 0 | 15 | 19 | 19.00 | 2 | 2 |
| History - World History | 0 | 1 | 0 | 0 | 10 | 50 | 50.00 | 0 | 0 |
| Literature - European Literature | 0 | 1 | 0 | 0 | 10 | 103 | 103.00 | 0 | 1 |
| History - Other History | 0 | 1 | 0 | 1 | 10 | 106 | 106.00 | 0 | 0 |
| Geography | 0 | 1 | 0 | 0 | 10 | 77 | 77.00 | 0 | 1 |
| Literature - American Literature | 0 | 1 | 2 | 0 | 0 | 128 | 128.00 | 0 | 0 |
| Painting/Sculpture | 0 | 1 | 2 | 0 | 0 | 49 | 49.00 | 0 | 1 |
| Science - Physics | 0 | 0 | 1 | 0 | -5 | 0.00 | 0 | 0 |